| 000 | 00914cam a22002895a 4500 | ||
|---|---|---|---|
| 999 |
_c27531 _d27502 |
||
| 005 | 20190625105535.0 | ||
| 008 | 090218t2010 maua fr 001 0 eng d | ||
| 016 | 7 |
_a014916537 _2Uk |
|
| 020 | _a9780321610058 | ||
| 020 | _a0321610059 | ||
| 035 | _a(UkOxU)UkOxUb16955749 | ||
| 040 |
_aStDuBDS _beng _cStDuBDS _dUkOxU _dUk _dEG-ScBUE |
||
| 082 | 0 | 4 |
_a339 _222 _bPAR |
| 100 | 1 |
_aParkin, Michael, _d1939- |
|
| 245 | 1 | 0 |
_aMicroeconomics / _cMichael Parkin. |
| 250 | _a9th ed., global ed. | ||
| 260 |
_aBoston ; _aLondon : _bPearson, _cc.2010. |
||
| 300 |
_a1 v. (various pagings) : _bill. (some col.) ; _c26 cm. |
||
| 500 | _aPrevious ed.: Boston, Mass. : Pearson, 2008. | ||
| 500 | _aIncludes index. | ||
| 650 | 7 |
_aMicroeconomics. _2BUEsh |
|
| 650 | 7 |
_aMicroeconomics _vProblems, exercises, etc. _2BUEsh |
|
| 650 | 7 |
_aEconomic geography. _2BUEsh |
|
| 651 | _2BUEsh | ||
| 653 |
_bBUSECO _cJune2019 |
||
| 942 | _2ddc | ||